| 000 | 00770nam a2200217Ii 4500 | ||
|---|---|---|---|
| 003 | JO-AjNU | ||
| 008 | 230605s9999||||xx |||||||||||||| ||und|| | ||
| 017 | _a1983/7/320 | ||
| 040 |
_aJO-AjNU _bara _erda _cJO-AjNU |
||
| 041 | _aara | ||
| 050 | 1 | 4 | _aK7126.R3852 1984 |
| 100 | 3 |
_aالراوي، جابر إبراهيم, _eauthor _945966 |
|
| 245 | 0 | 0 | _aشرح أحكام الجنسية في القانون الأردني: دراسة مقارنة |
| 250 | _aط1 | ||
| 264 | 3 | 1 | _aعمان: الدار العربية للنشر والتوزيع، 1984 |
| 300 | _a231ص | ||
| 336 |
_atext _btxt _2rdacontent |
||
| 337 |
_aunmediated _bn _2rdamedia |
||
| 338 |
_avolume _bnc _2rdacarrier |
||
| 650 | 4 |
_aالجنسية - قوانين وتشريعات - الاردن _945967 |
|
| 999 |
_aA19963 _c23531 _d23531 |
||